000 00426nam a2200145 a 4500
001 000044533
005 20201002045437.0
008 140711s1966 nyuab 000 0 spa d
040 _aDO-SdBNP
_bspa
_cBNPHU
082 _axxxx
_bxxxx
100 1 _aBaldwin, Hanson
_972547
245 1 0 _aBattles lost and won /
_cHanson Baldwin.
260 _aNew York :
_bHarper & row, publishers,
_c1966.
300 _a531 p. :
_bil., mapas ;
_c25 cm.
999 _c44022
_d44022